000 00627nam a2200253Ia 4500
005 20260121154302.0
008 008 260114s9999 xx 000 0 eng d
020 _a9780429345517
037 _aEBOOK
040 _aCRL
040 _beng
040 _cCRL
041 _2eng
041 _aeng
084 _qCRL
100 _a Stephanie Smith Budhai
_91005319
245 0 _aLeveraging Digital Tools to Assess Student Learning
260 _bTaylor and Francis
260 _c2022
856 _uhttp://www.taylorfrancis.com/books/9780429345517
942 _cEBOOK
999 _c1572140
_d1572140